000 00403nam a22001697a 4500
003 MPLRDC
005 20220104125116.0
008 210129b ||||| |||| 00| 0 eng d
082 _a857.9 SGD-7 v.2
100 _a上官鼎著
245 _a剑底飞狐. 下
_c
260 _a
_b毅力出版社
_c
300 _b
490 _a上官鼎小说专辑;12
650 _a
942 _cBK
_o857.9 SGD-7 v.2
999 _c24724
_d24714